| 000 | 00838nam a2200265Ia 4500 | ||
|---|---|---|---|
| 001 | Para_8516 | ||
| 003 | CHAP | ||
| 008 | 220125s9999 xx 000 0 und d | ||
| 010 | _a207327 | ||
| 040 | _cCHAP | ||
| 082 | _aPA-C 595.752 A6 | ||
| 100 |
_aBaker, A. C. _99525 |
||
| 245 |
_aLife history of macrosiphum illinoisensis, the grapevine aphis / _c by A.C. Baker |
||
| 300 | _a8 p. | ||
| 440 |
_aAphidae; 19 _9173915 |
||
| 500 | _aSobretiro de: Journal of Agricultural Research, 11 (3): 83-90, 1917. Encuadernado con otros impresos similares | ||
| 650 |
_a _x Afididos _x Colecciones de escritos _x Macrosiphum Illinoisensis _9173917 |
||
| 901 | _aPA-C 595.752 A6 | ||
| 902 | _aA | ||
| 905 | _a000000 0000000000 00 | ||
| 910 | _a | ||
| 942 | _cPARA | ||
| 942 |
_cPARA _d1 |
||
| 999 |
_c207327 _d207327 |
||